000 00593nam a22001577a 4500
005 20111209170059.0
020 _a9781593394264
_c3600.00 (set of 12 volume)
037 _bPUB
245 _aMe and you /
_cillustrated by Kezia Terracciano
260 _aNew Delhi
_bEncyclopaedia Britannica
_c2008
300 _aV2 (40p.)
_c25cm (Hb)
_bill.
490 _a Britannica discovery library; 2
_939849
700 _aTerracciano, Kezia
_936697
942 _2ddc
_cCH
_mCOL
999 _c61284
_d61284